Бухгалтерский учет и отчетность предприятий и организаций 2000 (Запись № 596886)

Подробности
000 -МАРКЕР
контрольное поле 01702nam0a2200337 4500
001 - ИДЕНТИФИКАТОР ЗАПИСИ
контрольное поле RU\NLR\bibl\107744
005 - ИДЕНТИФИКАТОР ВЕРСИИ
контрольное поле 20260607050517.0
010 ## - МЕЖДУНАРОДНЫЙ СТАНДАРТНЫЙ НОМЕР КНИГИ (ISBN)
Номер (ISBN) 5-88960-054-0
Тираж 6000
021 ## - НОМЕР ГОСУДАРСТВЕННОЙ РЕГИСТРАЦИИ
Код страны Российская Федерация
Номер 2000-16986
Номер Листа государственной регистраци 815
021 ## - НОМЕР ГОСУДАРСТВЕННОЙ РЕГИСТРАЦИИ
Код страны Российская Федерация
Номер 2000-29936
Номер Листа государственной регистраци 1409
035 ## - ДРУГИЕ СИСТЕМНЫЕ НОМЕРА
Идентификатор записи (NLR Aleph) 000105456
100 ## - ДАННЫЕ ОБЩЕЙ ОБРАБОТКИ
Данные общей обработки 20000912d2000 |||y0rusy50 ca
101 0# - ЯЗЫК РЕСУРСА
Язык текста, звукозаписи и т.д. русский
102 ## - СТРАНА ПУБЛИКАЦИИ ИЛИ ПРОИЗВОДСТВА
Страна публикации Российская Федерация
105 ## - ПОЛЕ КОДИРОВАННЫХ ДАННЫХ: ТЕКСТОВЫЕ МАТЕРИАЛЫ, МОНОГРАФИЧЕСКИЕ
Кодированные данные о монографическом текстовом документе y |||||||||
200 1# - ЗАГЛАВИЕ И СВЕДЕНИЯ ОБ ОТВЕТСТВЕННОСТИ
Основное заглавие Бухгалтерский учет и отчетность предприятий и организаций 2000
Сведения, относящиеся к заглавию [Все нормат. док. и разъяснения М-в и ведомств Рос. Федерации]
-- Справ. пособие
Первые сведения об ответственности [Информ.-изд. и юрид. центр
Последующие сведения об ответственности Подгот.: Иванова Н.М. и др.]
-- Под общ. ред. акад. Карпова В.В.
210 ## - ПУБЛИКАЦИЯ, РАСПРОСТРАНЕНИЕ И ДР.
Место издания, распространения и т.д. М.
Имя издателя, распространителя и т. д. Экономика и финансы
Дата издания, распространения и т.д. 2000
215 ## - ФИЗИЧЕСКАЯ ХАРАКТЕРИСТИКА
Специфическое обозначение материала и объем 544 с.
Размеры 29
225 1# - СЕРИЯ
Основное заглавие серии Серия "Бухучет России на пути перехода к международным стандартам"
225 1# - СЕРИЯ
Основное заглавие серии Настольная книга бухгалтера
606 0# - НАИМЕНОВАНИЕ ТЕМЫ КАК ПРЕДМЕТ
Наименование темы Предприятия
Формальный подзаголовок Справочники
Тематический подзаголовок Бухгалтерский учет
Географический подзаголовок Российская Федерация
Системный номер авторитетной/нормативной записи 2097345
Идентификатор авторитетной/нормативной записи RU\NLR\auth\661268868
686 ## - ИНДЕКСЫ ДРУГИХ КЛАССИФИКАЦИЙ
Индекс У052.9(2)2я2
702 #1 - ИМЯ ЛИЦА - ВТОРИЧНАЯ ОТВЕТСТВЕННОСТЬ
Начальный элемент ввода Иванова
Часть имени, кроме начального элемента ввода Н. М.
Код отношения Составитель
702 #1 - ИМЯ ЛИЦА - ВТОРИЧНАЯ ОТВЕТСТВЕННОСТЬ
Код отношения Редактор
Графика поля Кириллица
Материалы, к которым относится поле rus
Начальный элемент ввода Карпов
Часть имени, кроме начального элемента ввода В. В.
Дополнения к именам, кроме дат экономист
Даты 1936 - 2003
Расширение инициалов личного имени Вячеслав Валентинович
Системный номер авторитетной/нормативной записи 9730
Идентификатор авторитетной/нормативной записи RU\NLR\auth\7726691
801 #0 - ИСТОЧНИК ЗАПИСИ
Страна Российская Федерация
Организация NLR
Дата составления 20000912
Правила каталогизации PSBO
801 #1 - ИСТОЧНИК ЗАПИСИ
Страна Российская Федерация
Организация NLR
Дата составления 20000912
852 ## - МЕСТОНАХОЖДЕНИЕ И ШИФР ХРАНЕНИЯ
Идентификатор организации NLR
Шифр хранения (Call Number) 2000-8/1243
942 ## - ДОПОЛНИТЕЛЬНЫЕ ЭЛЕМЕНТЫ ЗАПИСИ (АБИС)
Тип экземпляра АБИС Книга
980 ## - КОЛЛЕКЦИЯ
Название коллекции Национальная библиография
Экземпляры
Тип экземпляра Дата поступления Источник поступления Библиотека постоянного хранения Библиотека текущего хранения Место хранения Шифр хранения Штрих-код Статус экземпляра
Книга 02.09.2004 Подсобные фонды РНБ РНБ (Московский) РНБ (Московский) Фонд общего зала социально-экономической литературы С1 У052.9(2)2/Б-943 743437  
Книга 12.09.2000 Обязательный экземпляр РНБ (Московский) РНБ (Московский) Русский книжный фонд: издания с 1957 года 2000-8/1243 64527  
Книга 12.09.2000 Обязательный экземпляр РНБ (Московский) РНБ (Московский) Русский книжный фонд: издания с 1957 года 2000-8/1243 64528  
Книга 22.11.2000 Обязательный экземпляр РНБ (Московский) РНБ (Московский) Обменный фонд   83951  
Книга 22.11.2000 Обязательный экземпляр РНБ (Садовая) РНБ (Садовая) Макулатура   83952